[Event "Faxe Eftermiddag-C"]
[Site "Faxe"]
[Date "2013.10.22"]
[Round "4"]
[White "Refsgaard, Kaj"]
[Black "Hansen, Arne Mandrup"]
[Result "1-0"]
[WhiteElo "1468"]
[BlackElo "1344"]
[PlyCount "77"]
[EventDate "2013.09.25"]
[EventType "tourn"]
[EventRounds "5"]
[EventCountry "DEN"]
[SourceTitle "EXT 2023"]
[Source "ChessBase"]
[SourceDate "2022.10.05"]
[SourceVersion "1"]
[SourceVersionDate "2022.10.05"]
[SourceQuality "1"]

1. g3 Nf6 2. Bg2 d5 3. d3 g6 4. Nf3 Bg7 5. 0-0 0-0 6. Nbd2 c5 7. c4 dxc4 8. Nxc4 Nc6 9. Be3 Be6 10. Bxc5 Bxc4 11. dxc4 Qc7 12. Ba3 Rfd8 13. Qc2 e5 14. Rad1 Nd4 15. Nxd4 Rxd4 16. Rxd4 exd4 17. b3 Rd8 18. Rd1 h6 19. Bb2 Nh7 20. Qe4 Ng5 21. Qd3 b6 22. Bd5 Qe7 23. h4 Ne6 24. Qe4 Re8 25. Kf1 Nc7 26. Qxe7 Rxe7 27. Bxd4 Nxd5 28. cxd5 Bf8 29. Bb2 Rd7 30. e4 Bc5 31. Ke2 h5 32. Rc1 f5 33. f3 Bd6 34. Rc8+ Kf7 35. e5 Bxe5 36. Bxe5 Rxd5 37. Bb2 Rd7 38. Be5 Re7 39. Rc7 1-0

[Event "Faxe Eftermiddag EMT Monrad"]
[Site "Faxe"]
[Date "2011.09.07"]
[Round "1"]
[White "Hansen, Arne Mandrup"]
[Black "Rasmussen, Frede"]
[Result "0-1"]
[WhiteElo "1328"]
[BlackElo "1410"]
[PlyCount "125"]
[EventDate "2011.09.07"]
[EventType "swiss"]
[EventRounds "5"]
[EventCountry "DEN"]
[SourceTitle "EXT 2023"]
[Source "ChessBase"]
[SourceDate "2022.10.05"]
[SourceVersion "1"]
[SourceVersionDate "2022.10.05"]
[SourceQuality "1"]

1. b3 b6 2. Bb2 Bb7 3. Nf3 e6 4. Nc3 Nc6 5. d4 d5 6. e4 Nf6 7. Bb5 Bb4 8. Qe2 a6 9. Bd3 h6 10. 0-0-0 Qe7 11. exd5 Bxc3 12. dxc6 Bxb2+ 13. Kxb2 Bxc6 14. Rhe1 0-0 15. Ne5 Bb5 16. Qd2 Nd5 17. Ra1 Qh4 18. Nf3 Qe7 19. Be4 Rfc8 20. Bd3 Bxd3 21. Qxd3 c6 22. Ne5 b5 23. a3 c5 24. c4 bxc4 25. Nxc4 Rab8 26. Rec1 Qf6 27. Nd6 Rd8 28. Ne4 Qxd4+ 29. Qxd4 cxd4 30. Rc6 Rb6 31. Rxb6 Nxb6 32. Nc5 a5 33. Rd1 Rd5 34. Nd3 e5 35. f3 a4 36. b4 f6 37. Nc5 Kf7 38. Rc1 Rd8 39. Nd3 Rc8 40. Rxc8 Nxc8 41. Nc5 Nb6 42. Kc2 Ke7 43. Kd3 g6 44. h3 Kd6 45. f4 Kd5 46. Ne4 Ke6 47. h4 Kf5 48. fxe5 fxe5 49. Nf2 Ke6 50. Ke4 Nc4 51. b5 Kd6 52. Ng4 h5 53. Nf2 Nxa3 54. g4 hxg4 55. Nxg4 Nxb5 56. Nxe5 Kc5 57. Kd3 Nd6 58. Kc2 Nf5 59. Nxg6 a3 60. h5 d3+ 61. Kd2 a2 62. Nf4 a1Q 63. Nxd3+ 0-1

[Event "IBCA-ol blind 13th"]
[Site "Heraklion"]
[Date "2008.10.28"]
[Round "9.3"]
[White "Hansen, Arne Mandrup"]
[Black "Dalle, Natasha"]
[Result "1/2-1/2"]
[WhiteElo "1400"]
[BlackElo "1400"]
[PlyCount "55"]
[EventDate "2008.10.19"]
[EventType "team-swiss"]
[EventRounds "9"]
[EventCountry "GRE"]
[SourceTitle "EXT 2010"]
[Source "ChessBase"]
[SourceDate "2010.11.25"]
[SourceVersion "1"]
[SourceVersionDate "2010.11.25"]
[SourceQuality "1"]
[WhiteTeam "Denmark (blind)"]
[BlackTeam "Belgium (blind)"]
[WhiteTeamCountry "DEN"]
[BlackTeamCountry "BEL"]

1. d4 Nf6 2. Bf4 d5 3. e3 Bf5 4. Nf3 Nc6 5. c3 e6 6. Nbd2 Na5 7. b4 Nc6 8. h3 h6 9. Ne5 Nxe5 10. Bxe5 Bd6 11. Nf3 Bxe5 12. Nxe5 Ne4 13. Qc2 0-0 14. Qb2 f6 15. Nf3 Qe7 16. Rd1 Rab8 17. Bd3 e5 18. Bxe4 Bxe4 19. Qe2 c6 20. a4 Bg6 21. a5 e4 22. Nh2 f5 23. f4 Qh4+ 24. Kd2 Qf6 25. g4 Bf7 26. Rdg1 b6 27. a6 c5 28. gxf5 1/2-1/2

[Event "IBCA-ol blind 13th"]
[Site "Heraklion"]
[Date "2008.10.26"]
[Round "7.3"]
[White "Boudalakis, Filippos"]
[Black "Hansen, Arne Mandrup"]
[Result "0-1"]
[WhiteElo "1400"]
[BlackElo "1400"]
[PlyCount "64"]
[EventDate "2008.10.19"]
[EventType "team-swiss"]
[EventRounds "9"]
[EventCountry "GRE"]
[SourceTitle "EXT 2010"]
[Source "ChessBase"]
[SourceDate "2010.11.25"]
[SourceVersion "1"]
[SourceVersionDate "2010.11.25"]
[SourceQuality "1"]
[WhiteTeam "Greece (blind)"]
[BlackTeam "Denmark (blind)"]
[WhiteTeamCountry "GRE"]
[BlackTeamCountry "DEN"]

1. d4 Nf6 2. c4 e5 3. dxe5 Ng4 4. Nf3 Bc5 5. e3 Nc6 6. Be2 Ngxe5 7. Nxe5 Nxe5 8. a3 a5 9. 0-0 0-0 10. Nc3 Ra6 11. Ne4 Ba7 12. Qa4 f5 13. Nc3 Bc5 14. Bd3 Qh4 15. Nd5 Rh6 16. h3 Rg6 17. Nf4 Rh6 18. Qxa5 b6 19. Qc3 Ng6 20. b4 Bd6 21. Qd4 Bxf4 22. exf4 Bb7 23. f3 d6 24. Be3 Rf7 25. c5 Kh8 26. Bc4 Re7 27. cxd6 Rd7 28. Be6 Nxf4 29. Rae1 Nxh3+ 30. gxh3 Rg6+ 31. Qg4 Rxg4+ 32. fxg4 Qg3# 0-1